000 00301nam a22001337a 4500
008 181207b xxu||||| |||| 00| 0 eng d
020 _a9780671201586
041 _aeng
080 _a101
100 _a24
101 _aFIL
245 _aA History of Western Philosophy
_cRussell,B
942 _2udc
_cBK
999 _c53057
_d53057